Mezivládní konference a otázky bezpečnostní politiky
Spoločná zahraničná a bezpečnostná politika - jedna z najdôležitejších tém Medzivládnej konferencie EÚ. Od Európskej politickej spolupráce k Spoločnej zahraničnej a bezpečnostnej politike (SZBP). Problémy SZBP a ich príčiny, oblasť prijímania rozhodnutí (decision-making). Vzťah EÚ a ZEÚ a dilemy eur...
Guardado en:
| Autor principal: | |
|---|---|
| Formato: | Capítulo de libro |
| Lenguaje: | checo |
| Materias: | |
| Etiquetas: |
Sin Etiquetas, Sea el primero en etiquetar este registro!
|
MARC
| LEADER | 00000naa a2200000 4500 | ||
|---|---|---|---|
| 001 | r021729 | ||
| 005 | 20230925113920.9 | ||
| 041 | 0 | |a cze | |
| 044 | |a CZ | ||
| 245 | 1 | 0 | |a Mezivládní konference a otázky bezpečnostní politiky |c Jan Eichler |
| 520 | |a Spoločná zahraničná a bezpečnostná politika - jedna z najdôležitejších tém Medzivládnej konferencie EÚ. Od Európskej politickej spolupráce k Spoločnej zahraničnej a bezpečnostnej politike (SZBP). Problémy SZBP a ich príčiny, oblasť prijímania rozhodnutí (decision-making). Vzťah EÚ a ZEÚ a dilemy európskej obrany. Názory členov EÚ na NATO. Problematika zbrojného priemyslu. Západoeurópska únia (ZEÚ) a krajiny SVE. | ||
| 610 | 2 | 0 | |a politika zahraničná |
| 610 | 2 | 0 | |a bezpečnosť európska |
| 610 | 2 | 0 | |a Európska únia |
| 610 | 2 | 0 | |a NATO |
| 610 | 2 | 0 | |a SVE |
| 610 | 2 | 0 | |a priemysel zbrojársky |
| 610 | 2 | 0 | |a konferencie |
| 100 | 1 | |a Eichler, Jan | |